| 000 | 00394nam a22001337a 4500 | ||
|---|---|---|---|
| 005 | 20260115110709.0 | ||
| 008 | 260115b |||||||| |||| 00| 0 eng d | ||
| 020 | _a9789352695072 | ||
| 100 |
_a Sharma Devendra Kumar _d2020 |
||
| 245 |
_aIntellectual Property Crime _c/ Devendra Kumar Sharma |
||
| 260 |
_aNew Delhi; _bRandom Publications; _c2020 |
||
| 300 |
_a24cm _cviii; 264p. |
||
| 942 |
_2lcc _n0 _cBK |
||
| 999 |
_c117 _d117 |
||